| 000 | 00954nam a22002417a 4500 | ||
|---|---|---|---|
| 005 | 20141111154500.0 | ||
| 008 | 090728t xxu||||| |||| 00| 0 pun d | ||
| 010 | _aPUN- B-577531-534 | ||
| 020 |
_c150.00 _a9789351133483 |
||
| 035 | _aPN- B-577531-534 | ||
| 037 | _bDBAD / PUB/Unistar Books | ||
| 037 | _bstar publications/ven | ||
| 040 |
_adpl _bPN |
||
| 082 | _a921 | ||
| 100 |
_937323 _aਕੇਸਰੀਵਾਲ,ਅਰਵਿੰਦ |
||
| 245 |
_aਸਵਰਾਜ / _cਅਰਵਿੰਦ ਕੇਸਰੀਵਾਲ |
||
| 246 |
_aSwaraj _bby Arvind Kesriwal |
||
| 260 |
_aChandigarh _bUnistar Books _c2014 |
||
| 270 |
_asco 26, 27, sector-34 A _bChandigarh |
||
| 300 |
_a143ਪਂ _b22ਸੇਂਮੀ(ਅਜਿਲੱਦ) |
||
| 942 |
_2ddc _cPN _h921 _mਕੇਸਰੀ |
||
| 999 |
_c88298 _d88298 |
||